000 00293nam a22001337a 4500
008 180207b xxu||||| |||| 00| 0 eng d
020 _a9780137129447
041 _aeng
080 _a82
100 _a22
101 _aGJU
245 _aPRENTICE HALL LITERATURE
_cBRONZE/P
942 _2udc
_cBK
999 _c42041
_d42041